| 000 | 00631nam a22002297a 4500 | ||
|---|---|---|---|
| 003 | UA-OsUOA | ||
| 001 | 30718 | ||
| 007 | ta | ||
| 008 | 20041115b un ||||| |||| 00| 0 ukr d | ||
| 090 |
_a82.09 _bР89 |
||
| 942 | _cBK | ||
| 040 |
_aUA-OsUOA _brus _cUA-OsUOA _dUA-OsUOA |
||
| 245 |
_aРусские писатели о языке _bХрестоматия _cРед. А. М.Докусов |
||
| 300 | _a460 с. | ||
| 955 | _a0 | ||
| 041 | _arus | ||
| 080 | _a82.09 | ||
| 260 |
_aЛенинград _bЛенинградское отделение Учпедгиза _c1954 |
||
| 044 | _aRU | ||
| 650 | 7 | _2UDC | |
| 999 |
_c317132 _d317132 |
||